| 000 | 00545nam a2200181 a 4500 | ||
|---|---|---|---|
| 005 | 20220802154850.0 | ||
| 008 | 030306s1998 mx r 000 0 spa d | ||
| 020 | _a9706077944 (obra completa) | ||
| 035 | _aUPN01000122620 | ||
| 049 | _aI | ||
| 050 | 4 |
_aAG61 _bL3.7 |
|
| 245 | 0 | 0 |
_aLarousse : _bgran diccionario de los niños / _ced. Aarón Alboukrek. |
| 260 |
_aMéxico : _bLarousse, _cc1998. |
||
| 300 |
_a5 v. : _bil. col. |
||
| 650 | 4 |
_aEnciclopedias y diccionarios infantiles _98587 |
|
| 700 | 1 |
_aAlboukrek, Aarón, _eed. |
|
| 905 | _aInfantil | ||
| 999 |
_c94805 _d94805 |
||